Miguel Angel

Wedi'i Gadw mewn:
Manylion Llyfryddiaeth
Prif Awdur: Rolland, Romain (Awdur)
Fformat: Llyfr
Iaith:Sbaeneg
Cyhoeddwyd: Buenos Aires Schapire 1953
Cyfres:Colección Forma y Color
Pynciau:
Tagiau: Ychwanegu Tag
Dim Tagiau, Byddwch y cyntaf i dagio'r cofnod hwn!

MARC

LEADER 00000nam a2200000 a 4500
001 UCJ9565
003 CL-VaPUC
008 070323e19530000AG |||||||||||||||||spa|d
082 0 4 |a 709.2  |b ROL  |2 21 
100 0 |a Rolland, Romain  |e author  |9 519559 
245 1 0 |a Miguel Angel 
300 |a 160 p 
942 |c BK 
945 |d 20070323 00:00:00  |a cmena 
260 |a Buenos Aires  |b Schapire  |c 1953 
600 0 |a Miguel Angel  |q (Buonarroti, Michelangelo)  |d 1475-1564  |9 880971 
650 0 |a Artistas italianos   |9 449205 
650 0 |a Arte renacentista   |9 264949 
650 0 |a Biografías  |9 255210 
650 7 |a ESCULTURA ITALIANA  |2 CL-VaPUC  |9 329274 
650 0 |a Pintura italiana  |9 265293 
650 0 |a Literatura italiana  |9 266970 
583 |a last modification  |c 20070323 00:00:00  |k Rodrigo Vera 
490 0 |a Colección Forma y Color 
999 |c 325025  |d 325023 
952 |0 0  |1 0  |4 0  |6 709_200000000000000_ROL_1953  |7 0  |8 A  |9 405468  |a BIBART  |b BIBART  |d 2019-11-22  |i 4281209  |o 709.2 ROL 1953  |p 4281209  |r 2025-03-13  |w 2019-11-22  |y BK  |k ART